| 000 | 00749nam a2200205Ia 4500 | ||
|---|---|---|---|
| 999 |
_c64768 _d64768 |
||
| 003 | GCL | ||
| 005 | 20240530110749.0 | ||
| 008 | 140319s9999 xx 000 0 ara d | ||
| 040 |
_aGCL / _cGCL |
||
| 082 | 0 | 4 |
_a624.1 \ _bع م |
| 100 | 1 | _aعماد درويش | |
| 245 | 1 | 0 |
_aالمرجع الشامل فى الهندسة الانشائية : تصميم المبانى الفولاذية ج 7 / _cعماد درويش |
| 300 | _a291 ص | ||
| 490 |
_aالمرجع الشامل فى الهندسة الانشائية _v0 |
||
| 650 | 0 | 4 | _aالهندسة الانشائية |
| 650 | 0 | 4 | _aالتحليل الانشائى |
| 650 | 0 | 4 | _aالهندسة الانشائية - تصميمات |
| 650 | 0 | 4 | _aالمبانى الهندسية |
| 942 |
_2ddc _cBK |
||